Responses for Show #3508 - Wednesday, December 1, 1999

Contestants

[<< previous game]

Gary Lucy, a letter carrier originally from Portland, Oregon

Karen Marlowe, a state and local planning coordinator from South Orange, New Jersey

Eric Wagner, a high school English teacher from Corona, California (whose 1-day cash winnings total $12,001)

[next game >>]

Jeopardy! Round responses

PEOPLE IN HISTORY
DON'T CRY FOR ME, ARGENTINA
COLLEGE FOOTBALL
MUSEUMS
QUOTABLE WOMEN
NAME THAT "OON"
    $100 22
Huguenots

Eric
    $100 18
(2 of) Brazil, Paraguay, Bolivia, Chile & Uruguay

Gary
    $100 11
Paul "Bear" Bryant

Gary
    $100 8
Andersonville

Karen
    $100 5
Zsa Zsa Gabor

Karen
    $100 1
a raccoon

Karen
    $200 23
(Alex: A minute to go.)

Morocco

Triple Stumper
    $200 27
Falklands (or Malvinas)

Gary
    $200 12
(Gary: What is the Cotton Bowl?)

the Sugar Bowl

EricGary
    $200 9
(Karen: What is Gaza?)

Giza

Karen
Triple Stumper
    $200 6
Madonna

Gary
    $200 2
a bassoon

Eric
    $300 24
(Karen: Who was Linnaeus?)

Gregor Mendel

KarenGary
    $300 28
Buenos Aires

Karen
    $300 19
Colorado

Gary
    $500 13
April Fools' Day

Eric
    $300 7
Dolly Parton

Eric
    $300 3
lampoon

Karen
    $400 25
Shaka Zulu

Eric
    $400 29
[The end-of-round signal sounds.]

Juan PerĂ³n

Gary
    $400 20
the Western Athletic Conference

Gary
    $400 14
the Rijksmuseum

Triple Stumper
    $400 16
Mae West

Eric
    $400 4
Saskatoon

Gary
    $500 26
Belle Starr

Gary
    $500 21
Ricky Williams

Gary
    $500 15
doges

Eric
    $500 17
Dorothy Parker

Karen
    $500 10
a tycoon

Karen

Scores at the first commercial break (after clue 13):

Eric Karen Gary
$1,200 $900 $500

Scores at the end of the Jeopardy! Round:

Eric Karen Gary
$2,600 $1,400 $3,200

Double Jeopardy! Round responses

ALL THE PRESIDENT'S KIDS
CINEMA MANIA
ROBERT BURNS
IT HAPPENED ON DECEMBER 1
ART FOR ART'S SAKE!
CROSSWORD CLUES "W"
    $200 26
George Washington

Karen
    $200 8
The Sound of Music

Karen
    $200 13
Rose

Gary
    $200 6
Rosa Parks

Karen
    $200 20
[Ballet dancer]

Edgar Degas

Gary
    $200 1
winter

Karen
    $400 27
Robert Todd Lincoln

Eric
    $400 9
emperor

Gary
    $400 16
auld acquaintance

Karen
    $400 7
Bette Midler

Eric
    $400 21
[The Rowers' Lunch]
(Gary: Who is Monet?)

Pierre-Auguste Renoir

EricGary
    $400 2
walrus

Karen
    $600 28
Stanford

Eric
    $3,500 10
Charlie Sheen

Gary
    $600 17
the rye

Eric
    $600 14
Mexico

Triple Stumper
    $600 22
[Madchen mit Perle]
(Karen: Who was Rembrandt?)

Jan Vermeer

KarenGary
    $600 3
widow

Karen
    $700 29
(Eric: Who was Lincoln?)
[The end-of-round signal sounds.]

James Garfield

Eric
    $800 11
Sudden Impact

Eric
    $800 18
lasses

Triple Stumper
    $800 15
(Karen: What is Greenland?)

Iceland

EricKaren
    $800 23
[La Ghirlandata]

Dante Gabriel Rossetti

Triple Stumper
    $800 4
wampum

Karen
    $1000 12
(Gary: What is The Terminator?)

Terminator 2: Judgment Day

EricGary
    $1000 19
(Gary: What is the gloamin?)

the highlands

Gary
Triple Stumper
    $1000 25
(Alex: Less than a minute to go.)

Lady Astor

Triple Stumper
    $1000 24
the School of Athens (by Raphael)

Triple Stumper
    $1000 5
Wall Street

Karen

Scores at the end of the Double Jeopardy! Round:

Eric Karen Gary
$6,900 $4,000 $5,700

[wagering suggestions for these scores]

Final Jeopardy! Round responses

WORLD CITIES
KarenWhat is Florence
$2,000
GaryWhat is Barcelona?
$5,700
EricWhat is London
$4,501
Florence

Final scores:

Eric Karen Gary
$2,399 $6,000 $0
2nd place: Gateway 466C desktop computer + Broyhill computer home office cabinet New champion: $6,000 3rd place: Yahoo! Shopping gift certificate/shopping spree

Game dynamics:

Coryat scores:

Eric Karen Gary
$7,400 $4,000 $2,800
16 R
(including 1 DD),
1 W
(including 1 DD)
16 R,
4 W
16 R
(including 1 DD),
4 W

Combined Coryat: $14,200

[game clues] [game scores] [suggest correction]

Game tape date: 1999-08-25
The J! Archive is created by fans, for fans. Scraping, republication, monetization, and malicious use prohibited; this site may use cookies and collect identifying information. See terms. The Jeopardy! game show and all elements thereof, including but not limited to copyright and trademark thereto, are the property of Jeopardy Productions, Inc. and are protected under law. This website is not affiliated with, sponsored by, or operated by Jeopardy Productions, Inc. Join the discussion at JBoard.tv.